000 00671nam a2200265Ia 4500
005 20260302114503.0
008 008 260114s9999 xx 000 0 eng d
020 _a9781474245272
037 _aTextbook
040 _aCRL
040 _beng
040 _cCRL
041 _2eng
041 _aeng
084 _qCRL
100 _aSteven French
_91118914
245 0 _aPhilosophy of Science: Key Concepts
260 _bBloomsbury
260 _bBloomsbury Academic
260 _c2016
650 _aPhilosophy
856 _uhttps://doi.org/10.5040/9781474245272?locatt=label:secondary_bloomsburyCollections
942 _cEBOOK
999 _c1682728
_d1682728